| 000 | 01106cam a2200325 i 4500 | ||
|---|---|---|---|
| 001 | 12284727 | ||
| 003 | EG-ScBUE | ||
| 005 | 20240929124558.0 | ||
| 008 | 010122r20142001riu f b 001 0 eng d | ||
| 020 | _a0821827839 (alk. paper) | ||
| 020 | _a9780821827833 | ||
| 040 |
_aDLC _beng _erda _cDLC _dDLC _dEG-ScBUE |
||
| 082 | 0 | 4 |
_a515 _222 _bLIE |
| 100 | 1 |
_aLieb, Elliott H., _eauthor. _939064 |
|
| 245 | 1 | 0 |
_aAnalysis / _cElliott H. Lieb, Princeton University, Michael Loss, Georgia Institute of Technology. |
| 250 | _aSecond edition. | ||
| 250 | _aReprint edition. | ||
| 264 | 1 |
_aProvidence : _bAmerican Mathematical Society, _c2014. |
|
| 300 |
_axxii, 348 pages ; _c27 cm. |
||
| 336 |
_2rdacontent _atext _btxt |
||
| 337 |
_2rdamedia _aunmediated _bn |
||
| 338 |
_2rdacarrier _avolume _bnc |
||
| 490 | 0 |
_aGraduate studies in mathematics ; _vv. 14 |
|
| 504 | _aIncludes bibliographical references and index. | ||
| 650 | 7 |
_aMathematical analysis. _2BUEsh _919895 |
|
| 653 |
_bENGGEN _cJuly2015 _cJanuary2016 |
||
| 655 | _vReading book | ||
| 700 | 1 |
_aLoss, Michael, _d1954- _eauthor. |
|
| 942 |
_2ddc _cBB |
||
| 999 |
_c20188 _d20160 |
||